[Event "2016 Standard Chess Dropout Tournament, Round 3"]
[Site "SchemingMind.com"]
[Date "2016.08.09"]
[Round "3"]
[White "Sahajaxx"]
[Black "Mekk"]
[Result "1-0"]
[WhiteCountry "ENG"]
[BlackCountry "POL"]
[WhiteElo "2290"]
[WhiteRD "103"]
[BlackElo "1778"]
[BlackRD "114"]
[GameID "402226"]

1. d4 Nf6 2. c4 g6 3. Nc3 d5 4. Nf3 Bg7 5. e3 O-O 6. cxd5 Nxd5 7. Bc4 Nb6 8. Be2 Nc6 9. O-O Bg4 10. h3 Bxf3
11. Bxf3 Qd7 12. Ne4 Rad8 13. Nc5 Qc8 14. Qb3 e6 15. a4 a5 16. Rd1 e5 17. d5 Nb4 18. Bd2 Rd6 19. Bxb4 axb4 20. Qxb4 Rfd8
21. a5 Nxd5 22. Qxb7 Ne7 23. Qxc8 Nxc8 24. Rxd6 cxd6 25. Nb7 Rd7 26. Rc1 Na7 27. a6 d5 28. b4 e4 29. Be2 d4 30. b5 d3
31. Bg4 f5 32. b6 d2 33. Rd1 Nc8 34. Nc5 Rd8 35. Ne6 Re8 36. b7 Na7 37. Be2 Be5 38. Bc4 Kh8 39. Rxd2 h6 40. Rd7 Bb8
41. g3 Nc6 42. Kg2 Ne5 43. Rc7 Nxc4 44. Rc8 Nd6 45. Rxb8 Rxb8 46. a7 Rxb7 47. a8=Q+ Kh7 48. Qa6
1-0

[Event "2016 Standard Chess Dropout Tournament, Round 3"]
[Site "SchemingMind.com"]
[Date "2016.08.09"]
[Round "3"]
[White "Selwyn"]
[Black "Sebastian Strauchler"]
[Result "1-0"]
[WhiteCountry "AUS"]
[BlackCountry "ARG"]
[WhiteElo "2607"]
[WhiteRD "113"]
[BlackElo "2281"]
[BlackRD "121"]
[GameID "402227"]

1. d4 Nf6 2. c4 g6 3. Nc3 d5 4. cxd5 Nxd5 5. e4 Nxc3 6. bxc3 Bg7 7. Bc4 c5 8. Ne2 Nc6 9. Be3 O-O 10. O-O Bg4
11. f3 Na5 12. Bxf7+ Rxf7 13. fxg4 Rxf1+ 14. Kxf1 Qd6 15. Kg1 Qe6 16. Qd3 cxd4 17. cxd4 Qxg4 18. Rf1 Rc8 19. h3 Qd7 20. d5 Nc4
21. Bd4 e5 22. dxe6 Qxe6 23. Bxg7 Kxg7 24. Nf4 Qe7 25. Qc3+ Kh6 26. Nd3 Nb6 27. Qa1 Nc4 28. Qd4 Qd6 29. Qc3 b5 30. Rf7 Rg8
31. Nf2 Qb6 32. Kh1
1-0

[Event "2016 Standard Chess Dropout Tournament, Round 3"]
[Site "SchemingMind.com"]
[Date "2016.08.09"]
[Round "3"]
[White "shg"]
[Black "Apocalypse"]
[Result "1/2-1/2"]
[WhiteCountry "POL"]
[BlackCountry "USA"]
[WhiteElo "2460"]
[WhiteRD "101"]
[BlackElo "2434"]
[BlackRD "85"]
[GameID "402228"]

1. d4 Nf6 2. c4 c5 3. d5 b5 4. Nf3 e6 5. e4 Nxe4 6. Bd3 Nf6 7. O-O bxc4 8. Bxc4 Ba6 9. Bxa6 Nxa6 10. Nc3 Qc8
11. dxe6 fxe6 12. Bg5 Be7 13. Ne5 O-O 14. Nxd7 Rd8 15. Nxf6+ gxf6 16. Bd2 Nb4 17. Qg4+ Kh8 18. Rad1 Rb8 19. Ne4 Nd5 20. Qh3 Qc6
21. Rfe1 e5 22. b3 a5 23. Bxa5 Nf4 24. Rxd8+ Bxd8 25. Qc3 Bxa5 26. Qxa5 c4 27. Qc5 Qxc5 28. Nxc5 cxb3 29. axb3 Rb5 30. Ne4 Kg7
31. Nd2 h5 32. g3 Ne6 33. Ra1 Nc5 34. Rb1 Kf7=
1/2-1/2

[Event "2016 Standard Chess Dropout Tournament, Round 3"]
[Site "SchemingMind.com"]
[Date "2016.08.06"]
[Round "3"]
[White "simon_w"]
[Black "Robert Bruce"]
[Result "0-1"]
[WhiteCountry "IRL"]
[BlackCountry "SCO"]
[WhiteElo "1797"]
[WhiteRD "118"]
[BlackElo "2260"]
[BlackRD "67"]
[GameID "402229"]

1. e4 Nf6 2. e5 Nd5 3. d4 d6 4. Nf3 dxe5 5. dxe5 Bg4 6. Be2 Nc6 7. O-O Ndb4 8. Nbd2 Bf5 9. c3 Bc2 10. Qe1 Nd3
11. Bxd3 Bxd3 12. e6 f6 13. Nh4 Bxf1 14. Nxf1 Qd5 15. Bf4 g5 16. Rd1 Qc4 17. Bxc7 gxh4 18. Rd7 h3
0-1

[Event "2016 Standard Chess Dropout Tournament, Round 3"]
[Site "SchemingMind.com"]
[Date "2016.08.05"]
[Round "3"]
[White "Stephen Woodhouse"]
[Black "John Hamer"]
[Result "1-0"]
[WhiteCountry "ENG"]
[BlackCountry "ENG"]
[WhiteElo "1860"]
[WhiteRD "54"]
[BlackElo "2031"]
[BlackRD "79"]
[GameID "402230"]

1. e4 c6 2. d4 d5 3. exd5 cxd5 4. c4 Nf6 5. Nc3 Nc6 6. Nf3 e6 7. cxd5 exd5 8. Bb5 Be7 9. Ne5 Bd7 10. O-O O-O
11. Re1 Re8 12. Bg5 h6 13. Bh4 a6 14. Bxc6 Bxc6 15. Rc1 Rc8 16. Nxc6 bxc6 17. Re5 Rb8 18. Qe2 a5 19. Re1 g5 20. Bg3 Qd7
21. Rxe7 Qxe7 22. Qxe7 Rxe7 23. Rxe7 Rxb2 24. h4 Rc2 25. hxg5 hxg5 26. Ne2 Rxa2 27. f3
1-0

[Event "2016 Standard Chess Dropout Tournament, Round 3"]
[Site "SchemingMind.com"]
[Date "2016.08.06"]
[Round "3"]
[White "thebirdolux"]
[Black "Queen "]
[Result "1/2-1/2"]
[WhiteCountry "USA"]
[BlackCountry "IND"]
[WhiteElo "2500"]
[WhiteRD "102"]
[BlackElo "2451"]
[BlackRD "93"]
[GameID "402231"]

1. e4 c5 2. Nc3 Nc6 3. Nf3 e5 4. Bc4 Be7 5. d3 Nf6 6. a4 O-O 7. O-O d6 8. h3 Be6 9. Re1 a6 10. Bd2 Nd4
11. a5 Qc7 12. Nh2 Rae8 13. Nd5 Nxd5 14. exd5 Bf5 15. b4 cxb4 16. Nf3 Nxf3+ 17. Qxf3 Bg6 18. Bxb4 Kh8 19. Bb3 f5 20. c4 Bf6
21. Ra2 f4 22. Ra3 Bh4 23. Ba4 Rd8 24. Rc1 Qf7 25. Bd1 Qe8 26. Rb3 Bf6 27. Qg4 Be7 28. Bd2 Rd7 29. Rcb1 Qc8 30. R1b2 Bd8
31. Be2 Bf5 32. Qf3 Bg6 33. Rb1 Rc7 34. Bd1 Rf6 35. Bb4 Kg8=
1/2-1/2

[Event "2016 Standard Chess Dropout Tournament, Round 4"]
[Site "SchemingMind.com"]
[Date "2017.01.30"]
[Round "4"]
[White "Abstract Actuary"]
[Black "Sahajaxx"]
[Result "0-1"]
[WhiteCountry "USA"]
[BlackCountry "ENG"]
[WhiteElo "1836"]
[WhiteRD "80"]
[BlackElo "2075"]
[BlackRD "95"]
[GameID "409966"]

1. e4 g6 2. d4 Bg7 3. c4 c5 4. d5 d6 5. Nc3 Nf6 6. Bd3 O-O 7. h3 Nbd7 8. Nf3 a6 9. O-O Rb8 10. a4 Qc7
11. Bf4 Nh5 12. Bh2 e6 13. Re1 e5 14. g4 Nhf6 15. Kh1 h6 16. Rg1 Nh7 17. h4 Nhf6 18. Qe2 Re8 19. Raf1 Qb6 20. Ne1 Nf8
21. f4 exf4 22. Bxf4 N8d7 23. Nf3 Qc7 24. Qd2 h5 25. gxh5 Nxh5 26. Bh6 Qd8 27. Bxg7 Kxg7 28. Ng5 Ne5 29. b3 Rh8 30. Be2 Nf6
31. Qf4 Bg4 32. Qg3 Bxe2 33. Nxe2 b5 34. Rf2 Nxe4 35. Nxe4 Qxh4+ 36. Kg2 Qxe4+ 37. Kf1 bxc4 38. Qg5 Nf3
0-1

[Event "2016 Standard Chess Dropout Tournament, Round 4"]
[Site "SchemingMind.com"]
[Date "2017.01.31"]
[Round "4"]
[White "Sahajaxx"]
[Black "Diadoco"]
[Result "0-1"]
[WhiteCountry "ENG"]
[BlackCountry "MEX"]
[WhiteElo "2131"]
[WhiteRD "96"]
[BlackElo "2037"]
[BlackRD "88"]
[GameID "409967"]

1. d4 d5 2. Bf4 c5 3. e3 Nc6 4. c3 Nf6 5. Nf3 Qb6 6. Qb3 c4 7. Qxb6 axb6 8. Na3 Bf5 9. Nb5 Ra5 10. Nc7+ Kd7
11. a4 e6 12. Nb5 Be7 13. Ne5+ Nxe5 14. dxe5 Nh5 15. Nd4 Bg6 16. Be2 Nxf4 17. exf4 Rha8 18. b3 Bc5 19. O-O Bxd4 20. cxd4 cxb3
0-1

[Event "2016 Standard Chess Dropout Tournament, Round 4"]
[Site "SchemingMind.com"]
[Date "2017.02.02"]
[Round "4"]
[White "Diadoco"]
[Black "Sebastian Strauchler"]
[Result "1/2-1/2"]
[WhiteCountry "MEX"]
[BlackCountry "ARG"]
[WhiteElo "2013"]
[WhiteRD "86"]
[BlackElo "2295"]
[BlackRD "111"]
[GameID "409968"]

1. e4 c5 2. Nf3 Nc6 3. d4 cxd4 4. Nxd4 g6 5. c4 Nf6 6. Nc3 Nxd4 7. Qxd4 d6 8. Be2 Bg7 9. Bg5 O-O 10. Qd2 a5
11. O-O a4 12. Rfd1 Be6 13. f3 Qb6+ 14. Be3 Qa5 15. Rac1 Rfc8 16. Nb5 Nd7 17. Qxa5 Rxa5 18. Nd4 Nc5 19. Kf2 Bd7 20. Rb1 Be5
21. h4 h5 22. Rd2 Ne6 23. b3 Nxd4 24. Bxd4 Bxd4+ 25. Rxd4 axb3 26. axb3 Ra2 27. Ke3 Kg7 28. Rd2 Rxd2 29. Kxd2 Ra8 30. Kc2 Kf6
31. f4 Bg4 32. Bxg4 hxg4 33. Kb2 b6 34. Rd1 Ke6 35. g3 f6=
1/2-1/2

[Event "2016 Standard Chess Dropout Tournament, Round 4"]
[Site "SchemingMind.com"]
[Date "2017.02.02"]
[Round "4"]
[White "Sebastian Strauchler"]
[Black "Abstract Actuary"]
[Result "1-0"]
[WhiteCountry "ARG"]
[BlackCountry "USA"]
[WhiteElo "2273"]
[WhiteRD "115"]
[BlackElo "1890"]
[BlackRD "77"]
[GameID "409969"]

1. e4 d6 2. d4 Nf6 3. Nc3 g6 4. Be3 Bg7 5. Qd2 c6 6. f3 b5 7. g4 h5 8. g5 Nfd7 9. f4 Nb6 10. Nf3 Nc4
11. Bxc4 bxc4 12. Nh4 O-O 13. f5 Kh7 14. Ne2 d5 15. Nf4 gxf5 16. exf5 Rh8 17. Nxh5 Kg8 18. Qe2 Na6 19. O-O-O Rb8 20. f6 Bf8
21. g6 exf6 22. Rhg1 f5 23. g7 Bxg7 24. Rxg7+ Kf8 25. Bg5 Qd6 26. Ng6+
1-0

[Event "2016 Standard Chess Dropout Tournament, Round 4"]
[Site "SchemingMind.com"]
[Date "2017.02.02"]
[Round "4"]
[White "Selwyn"]
[Black "David Perna-Fraser"]
[Result "1-0"]
[WhiteCountry "AUS"]
[BlackCountry "CAN"]
[WhiteElo "2590"]
[WhiteRD "99"]
[BlackElo "2278"]
[BlackRD "73"]
[GameID "409971"]

1. d4 Nf6 2. c4 e6 3. Nc3 Bb4 4. e3 b6 5. Ne2 Bb7 6. a3 Bxc3+ 7. Nxc3 O-O 8. Bd3 c5 9. dxc5 bxc5 10. O-O d5
11. cxd5 exd5 12. b4 d4 13. exd4 Qxd4 14. Ra2 Rd8 15. Rd2 Qxc3 16. Bb2 Qxd2 17. Qxd2 Be4 18. Bxf6 gxf6 19. Re1 Bxd3 20. Re3 c4
21. Rg3+ Kh8 22. Qh6 Bg6 23. h4 Nc6 24. h5 Rg8 25. Qf4 Kg7 26. Qd6 Ne5 27. h6+ Kxh6 28. Qxf6
1-0

[Event "2016 Standard Chess Dropout Tournament, Round 4"]
[Site "SchemingMind.com"]
[Date "2017.01.30"]
[Round "4"]
[White "shg"]
[Black "Brian Pott"]
[Result "1-0"]
[WhiteCountry "POL"]
[BlackCountry "AUS"]
[WhiteElo "2502"]
[WhiteRD "85"]
[BlackElo "2294"]
[BlackRD "88"]
[GameID "409972"]

1. d4 Nf6 2. c4 g6 3. Nc3 Bg7 4. e4 d6 5. Nf3 O-O 6. Be2 e5 7. Be3 Ng4 8. Bg5 f6 9. Bh4 g5 10. Bg3 Nh6
11. h3 Nc6 12. dxe5 fxe5 13. c5 Be6 14. Rc1 dxc5 15. Qxd8 Nxd8 16. Bxe5 Bxe5 17. Nxe5 Nhf7 18. Ng4 Kg7 19. Ne3 h6 20. h4 c6
21. Rd1 b5 22. hxg5 hxg5 23. g3 Nb7 24. f4 Rh8 25. Bh5 Rad8 26. e5 Rd4 27. f5 Rxd1+ 28. Kxd1 Bxa2 29. Ng4 Bb3+ 30. Kd2 Nh6
31. f6+ Kf8 32. Bg6 Nf7 33. Bxf7 Rxh1 34. Bxb3 c4 35. Bd1 Nd8 36. Ne4 Ne6 37. Ne3
1-0

[Event "2016 Standard Chess Dropout Tournament, Round 4"]
[Site "SchemingMind.com"]
[Date "2017.01.29"]
[Round "4"]
[White "Brian Pott"]
[Black "frankly"]
[Result "0-1"]
[WhiteCountry "AUS"]
[BlackCountry "ENG"]
[WhiteElo "2265"]
[WhiteRD "90"]
[BlackElo "2509"]
[BlackRD "62"]
[GameID "409973"]

1. e4 e5 2. Nf3 Nc6 3. Bc4 Nf6 4. d3 Bb4+ 5. c3 Be7 6. Bb3 O-O 7. O-O d5 8. Nbd2 dxe4 9. dxe4 Bc5 10. Qe2 Nh5
11. Nc4 Bg4 12. Rd1 Qe7 13. Ba4 Rfe8 14. b4 Bb6 15. Bc2 Qe6 16. Bb3 Qf6 17. a4 a6 18. Nxb6 cxb6 19. Bg5 Qxg5 20. Nxg5 Bxe2
21. Bxf7+ Kf8 22. Bxe8 Kxe8 23. Rd2 Bc4 24. Nxh7 a5 25. b5 Rd8 26. Rxd8+ Nxd8 27. Ng5 Nf7 28. Nf3 Nf4 29. Ra3 Bd3 30. Nd2 Nd6
31. f3 Nc4 32. Nxc4 Bxc4 33. Kf2 Nd3+ 34. Ke2 Nc5+ 35. Kd2 g5 36. Ke3 Bb3 37. Kd2 Ke7 38. g3 Kf6 39. c4 Bxc4 40. Kc3 Bf7
41. Kb2 g4 42. fxg4 Be6 43. h3 Nxe4 44. Kc2 Nc5 45. Kc3 e4 46. Kd4 Kg5 47. Kc3 Kg6 48. Kc2 Kf6 49. Kd2 Bb3 50. Ra1 Bxa4
51. Ke3 Bxb5 52. Rb1 Bc6 53. Rxb6 Nd3 54. Rb1 Nb4 55. h4 Nc2+ 56. Ke2 e3
0-1

[Event "2016 Standard Chess Dropout Tournament, Round 4"]
[Site "SchemingMind.com"]
[Date "2017.01.30"]
[Round "4"]
[White "Dan Geana"]
[Black "2curious"]
[Result "1-0"]
[WhiteCountry "ROU"]
[BlackCountry "USA"]
[WhiteElo "2546"]
[WhiteRD "113"]
[BlackElo "2143"]
[BlackRD "132"]
[GameID "409974"]

1. e4 e5 2. Nf3 Nc6 3. Bb5 a6 4. Ba4 Nf6 5. O-O Be7 6. Re1 b5 7. Bb3 d6 8. c3 O-O 9. h3 Bb7 10. d4 Re8
11. Nbd2 exd4 12. cxd4 Nd7 13. Nf1 Na5 14. Bc2 Bf6 15. Rb1 c5 16. d5 Nc4 17. b3 Nce5 18. N3h2 Nb6 19. Bf4 Ng6 20. Bd2 Bc8
21. Ng3 b4 22. Nh5 Nd7 23. Nxf6+ Nxf6 24. Nf1 Qe7 25. Ng3 a5 26. f4 Nh4 27. f5
1-0

[Event "2016 Standard Chess Dropout Tournament, Round 4"]
[Site "SchemingMind.com"]
[Date "2017.02.02"]
[Round "4"]
[White "David Perna-Fraser"]
[Black "Orange Lion"]
[Result "0-1"]
[WhiteCountry "CAN"]
[BlackCountry "NED"]
[WhiteElo "2306"]
[WhiteRD "77"]
[BlackElo "2573"]
[BlackRD "101"]
[GameID "409976"]

1. e4 c5 2. Nf3 Nc6 3. d4 cxd4 4. Nxd4 e5 5. Nb5 d6 6. N1c3 Nf6 7. Bg5 a6 8. Na3 b5 9. Nd5 Be7 10. c4 Nxd5
0-1

[Event "2016 Standard Chess Dropout Tournament, Round 4"]
[Site "SchemingMind.com"]
[Date "2017.02.02"]
[Round "4"]
[White "Orange Lion"]
[Black "gabeeg"]
[Result "1-0"]
[WhiteCountry "NED"]
[BlackCountry "USA"]
[WhiteElo "2578"]
[WhiteRD "101"]
[BlackElo "2312"]
[BlackRD "116"]
[GameID "409977"]

1. c4 Nf6 2. d4 e6 3. Nf3 b6 4. g3 Ba6 5. b3 Bb4+ 6. Bd2 Be7 7. Bg2 d5 8. cxd5 exd5 9. O-O O-O 10. Ne5 Bb7
11. Nc3 Re8 12. Rc1 Nbd7 13. Rc2 c6 14. Nd3 a5 15. Re1 Rc8 16. Bh3 c5 17. Be3 c4 18. bxc4 dxc4 19. Ne5 Bb4 20. Nxd7 Nxd7
21. Bg5 f6 22. Bd2 Ra8 23. a3 Bxa3 24. Nb5 Be7 25. Rxc4 Ba6 26. Qb3 Kh8 27. Bg2 Rc8 28. Rxc8 Bxc8 29. Na7 Nc5 30. Qb2 Ne6
31. Nxc8 Qxc8 32. Qxb6 Qd7 33. e3 Bd8 34. Qc6 Qxc6 35. Bxc6 Re7 36. Rb1 Bc7 37. Ra1 Nd8 38. Bf3 g6 39. Bxa5 Bxa5 40. Rxa5 Kg7
41. g4 Rc7 42. Kg2 h6 43. Ra6 Nf7 44. h4 g5 45. h5 Nd8 46. Be4 Kf7 47. d5 Rd7 48. d6
1-0

[Event "2016 Standard Chess Dropout Tournament, Round 4"]
[Site "SchemingMind.com"]
[Date "2017.02.02"]
[Round "4"]
[White "gabeeg"]
[Black "michel"]
[Result "1-0"]
[WhiteCountry "USA"]
[BlackCountry "CAN"]
[WhiteElo "2326"]
[WhiteRD "115"]
[BlackElo "2385"]
[BlackRD "66"]
[GameID "409978"]

1. d4 Nf6 2. Bg5 c5 3. d5 Ne4 4. Bf4 Qb6 5. Bc1 e6 6. f3 Qa5+ 7. c3 Nf6 8. e4 d6 9. Na3 exd5 10. exd5 Be7
11. Nc4 Qd8 12. Ne3 O-O 13. Bd3 Re8 14. Ne2 Nbd7 15. O-O Bf8 16. a4 g6 17. f4 Bg7 18. Ng3 b6 19. Bd2 Bb7 20. Qf3 h5
21. c4 Bc8 22. Nef5 gxf5 23. Nxf5 Nb8 24. Nxg7 Kxg7 25. Qg3+ Kf8 26. Rae1
1-0

[Event "2016 Standard Chess Dropout Tournament, Round 4"]
[Site "SchemingMind.com"]
[Date "2017.01.29"]
[Round "4"]
[White "chesshub"]
[Black "William Lindberg"]
[Result "1-0"]
[WhiteCountry "FRA"]
[BlackCountry "USA"]
[WhiteElo "2638"]
[WhiteRD "81"]
[BlackElo "2371"]
[BlackRD "76"]
[GameID "409981"]

1. d4 Nf6 2. c4 e6 3. Nf3 b6 4. g3 Ba6 5. b3 Bb4+ 6. Bd2 Be7 7. Bg2 d5 8. O-O O-O 9. Ne5 Bb7 10. Nc3 Nbd7
11. Rc1 c6 12. e4 Nxe4 13. Nxe4 dxe4 14. Bxe4 Nxe5 15. dxe5 Qc7 16. Qh5 g6 17. Qf3 Qxe5 18. Bxc6 Rad8 19. Bc3 Bxc6 20. Qxc6 Qh5
21. Qb7 Rfe8 22. Qxa7 Bg5 23. Rb1 Qf3 24. Be5 h5 25. Qxb6 h4 26. gxh4 Bd2 27. Qc7 Rd4 28. Bg3 Bf4 29. Qc5 e5 30. Qb5 Re6
31. Qa5 Rd2 32. Rbc1 Rf6 33. Rc3 Qe4 34. Qc5 Rxa2 35. Qd5 Qxd5 36. cxd5 Rd2 37. Rc6 Kg7 38. Rxf6 Kxf6 39. Bxf4 exf4 40. b4 Rxd5
41. Rb1 Rb5 42. Kg2 Kf5 43. Kf3 f6 44. h3 Ke5 45. Re1+ Kf5 46. Re4 Rd5 47. Rxf4+ Ke6 48. Re4+ Kf7 49. Ke3 Rd1 50. Rd4 Rh1
51. Kd3 Rxh3+ 52. Kc4 Rf3 53. Rd2 Rf4+ 54. Kc5 Rxh4 55. b5 Ke7 56. b6 Rh1 57. Rb2 Rc1+ 58. Kd5 Rd1+ 59. Ke4 Rd8 60. b7 Rb8
61. Kd5 Kd7 62. Rb3 g5 63. Rb4 Kc7 64. Ke6 g4 65. Kf5 Kd6 66. Kxg4 Ke6 67. Rb6+ Kd7 68. Kf5 Ke7 69. f4 Kf7 70. Rxf6+ Ke7
71. Kg6 Rg8+ 72. Kh7 Rb8 73. Kg7 Kd7 74. Rf8 Rxf8 75. Kxf8 Kc7 76. f5 Kxb7 77. Ke7 Kc6 78. f6
1-0

[Event "2016 Standard Chess Dropout Tournament, Round 4"]
[Site "SchemingMind.com"]
[Date "2017.01.30"]
[Round "4"]
[White "William Lindberg"]
[Black "Queen "]
[Result "1/2-1/2"]
[WhiteCountry "USA"]
[BlackCountry "IND"]
[WhiteElo "2424"]
[WhiteRD "70"]
[BlackElo "2458"]
[BlackRD "94"]
[GameID "409982"]

1. c4 Nf6 2. d4 e6 3. Nf3 b6 4. a3 Bb7 5. Nc3 d5 6. Bg5 Be7 7. e3 O-O 8. cxd5 Nxd5 9. Bxe7 Qxe7 10. Nxd5 Bxd5
11. Rc1 Rc8 12. Bc4 Bb7 13. O-O Nd7 14. h3 c5 15. d5 exd5 16. Bxd5 Bxd5 17. Qxd5 Nf6 18. Qe5 Qb7 19. Qf4 Re8 20. b4 Ne4
21. bxc5 Nxc5 22. Rfd1 Rad8 23. Nd4 Rd7 24. Nf5 Red8 25. Rxd7 Qxd7 26. Qd4 Qxd4 27. Nxd4 h5 28. g4 f6 29. Kg2 hxg4 30. hxg4 Kf7
31. Kf3 Rd7 32. Rd1 Ne6=
1/2-1/2

[Event "2016 Standard Chess Dropout Tournament, Round 4"]
[Site "SchemingMind.com"]
[Date "2017.01.30"]
[Round "4"]
[White "Queen "]
[Black "shg"]
[Result "1/2-1/2"]
[WhiteCountry "IND"]
[BlackCountry "POL"]
[WhiteElo "2458"]
[WhiteRD "94"]
[BlackElo "2498"]
[BlackRD "93"]
[GameID "409983"]

1. d4 Nf6 2. c4 e6 3. Nc3 Bb4 4. Nf3 b6 5. e3 O-O 6. Bd3 d5 7. O-O Ba6 8. Qe2 c5 9. dxc5 Bxc3 10. bxc3 Nbd7
11. Ba3 dxc4 12. Bxc4 Bxc4 13. Qxc4 Nxc5 14. Bxc5 Qc7 15. Nd4 bxc5 16. Rfb1 Rfd8 17. Nf3 Qc6 18. Rd1=
1/2-1/2

[Event "2016 Standard Chess Dropout Tournament, Round 4"]
[Site "SchemingMind.com"]
[Date "2017.02.02"]
[Round "4"]
[White "frankly"]
[Black "Dan Geana"]
[Result "1/2-1/2"]
[WhiteCountry "ENG"]
[BlackCountry "ROU"]
[WhiteElo "2506"]
[WhiteRD "59"]
[BlackElo "2540"]
[BlackRD "105"]
[GameID "410127"]

1. e4 e5 2. Nf3 Nc6 3. Bb5 a6 4. Ba4 Nf6 5. O-O Be7 6. Re1 b5 7. Bb3 O-O 8. c3 d5 9. d4 exd4 10. e5 Ne4
11. cxd4 Bf5 12. Nc3 Nxc3 13. bxc3 Qd7 14. Bc2 h6 15. h3 Na5 16. Bxf5 Qxf5 17. Nd2 c5 18. Nb3=
1/2-1/2

[Event "2016 Standard Chess Dropout Tournament, Round 4"]
[Site "SchemingMind.com"]
[Date "2017.02.07"]
[Round "4"]
[White "Apocalypse"]
[Black "D O Vaughan"]
[Result "1-0"]
[WhiteCountry "USA"]
[BlackCountry "WLS"]
[WhiteElo "2442"]
[WhiteRD "91"]
[BlackElo "2155"]
[BlackRD "117"]
[GameID "410128"]

1. d4 d5 2. Nf3 e6 3. e3 c5 4. b3 Nf6 5. Bd3 Nc6 6. O-O Bd6 7. Bb2 O-O 8. dxc5 Bxc5 9. a3 Bd7 10. b4 Bd6
11. c4 Rc8 12. Nbd2 a6 13. e4 dxe4 14. Nxe4 Nxe4 15. Bxe4 Be7 16. Re1 f5 17. Bc2 Bf6 18. Bxf6 Rxf6 19. Qe2 Qc7 20. Rad1 Be8
21. c5 Bh5 22. Rd6 Re8 23. Qd3 Bxf3 24. Qxf3 Nd8 25. Red1 Qc8 26. Ba4 Ref8 27. Qe3 Nc6 28. h3 Kh8 29. Rd7 Re8 30. Qg3 Rg6
31. Qc7
1-0

[Event "2016 Standard Chess Dropout Tournament, Round 4"]
[Site "SchemingMind.com"]
[Date "2017.02.03"]
[Round "4"]
[White "Robert Bruce"]
[Black "NYNH"]
[Result "1-0"]
[WhiteCountry "SCO"]
[BlackCountry "USA"]
[WhiteElo "2362"]
[WhiteRD "69"]
[BlackElo "2014"]
[BlackRD "91"]
[GameID "410129"]

1. f4 d6 2. Nf3 c5 3. e4 Nf6 4. Nc3 g6 5. Bc4 Nc6 6. O-O Bg7 7. d3 O-O 8. Qe1 Nd4 9. Nxd4 cxd4 10. Nd5 Nxd5
11. Bxd5 e6 12. Bb3 a5 13. a4 Kh8 14. Rf3 Bd7 15. Bd2 b6 16. Qf2 b5 17. axb5 Bxb5 18. f5 Re8 19. f6 Bf8 20. Qh4 Bd7
21. Bh6 a4 22. Bxf8 Rxf8 23. Qh6 Rg8 24. Qxh7+ Kxh7 25. Rh3#
1-0

[Event "2016 Standard Chess Dropout Tournament, Round 4"]
[Site "SchemingMind.com"]
[Date "2017.02.07"]
[Round "4"]
[White "D O Vaughan"]
[Black "lawyertheologian"]
[Result "1-0"]
[WhiteCountry "WLS"]
[BlackCountry "USA"]
[WhiteElo "2155"]
[WhiteRD "117"]
[BlackElo "1961"]
[BlackRD "95"]
[GameID "410130"]

1. e4 Nf6 2. Nc3 d5 3. e5 Ne4 4. Nce2 d4 5. c3 Nc6 6. cxd4 Ng5 7. Qa4 a6 8. f4 Ne6 9. Nf3 b5 10. Qc2 Bb7
11. Qc3 g6 12. Rg1 Qd5 13. g3 b4 14. Qd3 Rd8 15. Bg2 Qc5 16. dxc5 Rxd3 17. Kd1 Nxc5 18. Ne1 Rd8 19. b3 f6 20. Bb2 fxe5
21. Rc1 e6 22. Bxc6+ Bxc6 23. Bxe5 Rg8 24. Bxc7 Rd5 25. Be5 Bd7 26. Kc2 Bg7 27. d4 Bxe5 28. fxe5 Bb5 29. Kd2 Ne4+ 30. Ke3 Bxe2
31. Kxe4 Ke7 32. Rc7+ Rd7 33. Rxd7+ Kxd7 34. Nc2 a5 35. Rg2 Ba6 36. Rf2 Ke7 37. Ne3 Bb7+ 38. Kd3 a4 39. Kc4 axb3 40. axb3 Rb8
41. Kc5 Be4 42. Nc4 Bd5 43. Nd6 Bxb3 44. Rf7+ Kd8 45. Rxh7 Bd1 46. Rh8+ Kc7 47. Rh7+ Kd8 48. Rh8+ Kc7 49. Rxb8 Kxb8 50. Kxb4 Kc7
51. Kc5 Bf3 52. Ne8+ Kd7 53. Nf6+ Ke7 54. h4
1-0

[Event "2016 Standard Chess Dropout Tournament, Round 4"]
[Site "SchemingMind.com"]
[Date "2017.02.07"]
[Round "4"]
[White "Jari Laine"]
[Black "Apocalypse"]
[Result "1-0"]
[WhiteCountry "FIN"]
[BlackCountry "USA"]
[WhiteElo "2425"]
[WhiteRD "76"]
[BlackElo "2475"]
[BlackRD "87"]
[GameID "410131"]

1. e4 c6 2. d4 d5 3. e5 Bf5 4. Nf3 e6 5. Be2 Nd7 6. O-O Ne7 7. Nbd2 Ng6 8. Nb3 h5 9. Be3 Be7 10. Ne1 h4
11. f4 a5 12. a4 Nb6 13. Nd2 f6 14. Bg4 Kf7 15. b3 Bxg4 16. Qxg4 f5 17. Qe2 Nd7 18. h3
1-0

[Event "2016 Standard Chess Dropout Tournament, Round 4"]
[Site "SchemingMind.com"]
[Date "2017.02.03"]
[Round "4"]
[White "lawyertheologian"]
[Black "Robert Bruce"]
[Result "0-1"]
[WhiteCountry "USA"]
[BlackCountry "SCO"]
[WhiteElo "2018"]
[WhiteRD "97"]
[BlackElo "2360"]
[BlackRD "70"]
[GameID "410132"]

1. e4 Nf6 2. e5 Nd5 3. d4 d6 4. c4 Nb6 5. exd6 exd6 6. Nf3 Be7 7. Be2 O-O 8. O-O Bf5 9. Nc3 Re8 10. Be3 c6
11. b3 d5 12. c5 N6d7 13. Bd3 Bg4 14. h3 Bh5 15. g4 Bg6 16. Bxg6 hxg6 17. b4 Nf8 18. Qd3 Nbd7 19. Bf4 Ne6 20. Bg3 g5
21. Qd2 Qc8 22. Rac1 Bf6 23. b5 b6 24. bxc6 Qxc6 25. cxb6 Nxb6 26. Qd3 Red8 27. Rfd1 Rac8 28. Nb5 Qxc1 29. Rxc1 Rxc1+ 30. Kg2 Rc4
31. Ne5 a6 32. Nc3 Bxe5 33. Bxe5 Nd7 34. Bg3 Rxd4 35. Qxa6 Ndc5 36. Qa5 Rc4 37. Nb5 d4 38. Nd6 Ra4 39. Qd2 d3 40. Kf3 Rda8
41. a3 Rxa3 42. Nc4 R3a4 43. Ne3 Ra2 44. Qc3 d2 45. Ke2 Ne4 46. Qe5 Nf4+
0-1

[Event "2016 Standard Chess Dropout Tournament, Round 4"]
[Site "SchemingMind.com"]
[Date "2017.02.05"]
[Round "4"]
[White "NYNH"]
[Black "thebirdolux"]
[Result "0-1"]
[WhiteCountry "USA"]
[BlackCountry "USA"]
[WhiteElo "2073"]
[WhiteRD "95"]
[BlackElo "2487"]
[BlackRD "93"]
[GameID "410133"]

1. d4 Nf6 2. c4 e6 3. g3 d5 4. Nf3 Be7 5. Bg2 O-O 6. O-O c6 7. Qc2 b6 8. Nbd2 Bb7 9. e4 Na6 10. a3 c5
11. e5 Nd7 12. dxc5 bxc5 13. Re1 Qc7 14. cxd5 Bxd5 15. Nc4 h6 16. Bd2 Nb6 17. Ne3 Bc6 18. Rac1 Qb7 19. Nh4 Bxh4 20. Bxc6 Qxc6
21. gxh4 Rfd8 22. Ba5 Rd4 23. Bxb6 axb6 24. Nc4 Rg4+ 25. Kf1 Qg2+ 26. Ke2 Rf4 27. Rf1 Qf3+ 28. Ke1 Re4+ 29. Ne3 Rxe3+ 30. fxe3 Qxe3+
31. Qe2 Qxc1+ 32. Kf2 Qf4+ 33. Kg1 Qxh4 34. Rxf7 Qg5+ 35. Kh1 Kxf7 36. Qf3+ Qf5 37. Qxa8 Qf1#
0-1

[Event "2016 Standard Chess Dropout Tournament, Round 4"]
[Site "SchemingMind.com"]
[Date "2017.02.06"]
[Round "4"]
[White "thebirdolux"]
[Black "Jari Laine"]
[Result "0-1"]
[WhiteCountry "USA"]
[BlackCountry "FIN"]
[WhiteElo "2504"]
[WhiteRD "91"]
[BlackElo "2425"]
[BlackRD "76"]
[GameID "410134"]

1. d4 d5 2. Nf3 c6 3. Bf4 Qb6 4. Qc1 Bf5 5. e3 e6 6. Nbd2 Nf6 7. c4 Nbd7 8. Be2 c5 9. O-O Be7 10. a3 Qd8
11. cxd5 exd5 12. dxc5 Nxc5 13. Nd4 Nd3 14. Qb1 Nxf4 15. Qxf5 Nxe2+ 16. Nxe2 O-O 17. Rfc1 g6 18. Qd3 Qd7 19. g3 Bd8 20. a4 Be7
0-1